Jogadores estrangeiros com mais jogos pelo Botafogo - Statistics

Estatísticas Gerais
  • Esse quiz foi jogado 14 vezes
  • A pontuação média é 5 de 10
Estatísticas das Respostas
Temporadas Jogador Jogos % Correto
2024-2025 Savarino 103
83%
2017-2024 Gatito Fernandez 222
75%
2010-2012 Loco Abreu 107
75%
2024- Alexander Barboza 112
67%
2016-2020; 2021-2023 Joel Carli 190
58%
2022-2023 Victor Cuesta 91
58%
1972-1976 Fischer 180
42%
2010-2012 Herrera 142
33%
2017-2019 Leo Valencia 92
8%
1917-1922 Francisco Police 106
0%
Nenhum quiz correspondente encontrado
Distribuição das Pontuações
Porcentagem de Pessoas com Cada Pontuação
Percentil de Números Respondidos
Sua Pontuação Histórica
Você não jogou esse quiz